| 000 | 00667nam a2200217Ia 4500 | ||
|---|---|---|---|
| 005 | 20250508164931.0 | ||
| 008 | 008 250505s9999 xx 000 0 eng d | ||
| 037 | _aTextual | ||
| 040 |
_aFEDL _beng _cFEDL |
||
| 041 |
_aeng _2eng |
||
| 084 |
_a305.4, MEN _qFEDL |
||
| 100 |
_aMenon Vineetha Ed. _9148414 |
||
| 245 | 0 | _aConfronting violence against women : Engendering Kerala's development experience | |
| 260 |
_aDelhi, India _bDaanish Books _c2008 |
||
| 300 | _ax,306p. | ||
| 365 |
_aINR _b595 |
||
| 490 | _aStudies in local-level development - 8 | ||
| 700 |
_a Nair K N Ed. _9779526 |
||
| 942 |
_cTEXL _h305.4, MEN |
||
| 999 |
_c1392125 _d1392125 |
||